| 000 | 00443cam a2200181ua 4500 | ||
|---|---|---|---|
| 020 |
_a81-85240-26-4 _c75.00 |
||
| 041 |
_aeng _h |
||
| 082 |
_a620.3 _bGRO/ME |
||
| 100 | _aGrover, G K . | ||
| 245 |
_aMechanical vibrations / _cG K Grover. _hTextual Documents |
||
| 250 |
_a4 / _b. |
||
| 260 |
_aRoorkee : _bNem Chand And Bros , _c1989. |
||
| 300 | _a468 ; . | ||
| 365 | _a75.00 | ||
| 504 | _a | ||
| 942 | _cBK | ||
| 999 |
_c7339 _d7339 |
||